000 01077cam a2200277 i 4500
001 16360
003 DO-SdUEMH
005 20260203210636.0
007 ta
008 211105s2004 dr |||gr|||| 000 0 spa|d
040 _aDO-SdUEMH
_bspa
_erda
041 _aspa
082 1 4 _aRD364.168
_bF845B
_mRD
084 _b18-00098
100 _aAcevedo Martínez, Ramón Pina
_eaut
245 3 0 _aEl fraude en al Baninter y sus efectos en la sociedad /
_cRamón Pina Acevedo Martínez
260 _c2004
264 0 1 _aSanto Domingo :
_bConsejo de Abogados de la Autoridad Monetaria y Financiera para los Fraudes Bancarios,
_c2004
300 _a225 paginas ;
_c23 cm.
336 _2rdacontent
_atexto
_btxt
337 _2rdamedia
_asin mediación
_bn
338 _2rdacarrier
_avolumen
_bnc
505 2 _aOrganizaciones empresariales -- Organizaciones religiosas -- Organizaciones de la sociedad civil -- Organizaciones de profesionales -- Cuerpo diplomático -- Artículos periodísticos nacionales -- Artículos periodísticos internacionales.
942 _2ddc
_cBK
_n0
999 _c16360
_d16360